000 01564nam0a22003731 4500
001 rc\2274379
005 20260407115937.0
035 _a(NLR Aleph) 006554705
090 _a6778684
_c6778684
100 _a20110829d1979 u y0rusy50 ca
101 0 _arus
102 _aRU
105 _aa z |||||
200 1 _aВодообмен и продуктивность яблони при синхронном импульсном дождевании
_f[М.Д. Кушниренко, В.Г. Быков, Г.П. Курчатова и др.]
210 _aКишинев
_cШтиинца
_d1979
215 _a146 с.
_cил.
_d22
300 _aВ надзаг.: АН МССР, Ин-т физиологии и биохимии растений
300 _aАвт. указаны на обороте тит. л.
320 _aБиблиогр.: с. 129-145
606 _aЯблоня
_xПолив
_yМССР
_2psbo
606 _aДождевальные установки импульсные
_2psbo
686 _aП255.1-462.1,0
_2rubbk
686 _aП255.1-273.2,0
_2rubbk
701 1 _aБыков
_bВ.Г.
701 1 _aКушниренко
_bМ.Д.
_gМаргарита Даниловна
701 1 _aКурчатова
_bГ.П.
712 0 2 _aИнститут физиологии и биохимии растений
_cКишинев
_3RU\NLR\AUTH\889950066
_9395892
801 0 _aRU
_bNLR
_gpsbo
801 1 _aRU
_bELAR
_2rusmarc
852 _aNLR
_j79-5/3452
899 _aRuMoRGB
_jБ 79-13/385
899 _aRuMoRGB
_jБ 79-13/386
942 _cBOOK
980 _aNB